| 000 | 00304nam a22000977a 4500 | ||
|---|---|---|---|
| 999 |
_c508290 _d508290 |
||
| 082 | _aOA6x54 In2/1987 | ||
| 100 |
_aIndia. Intercontinental Consultants and Technocrats Pvt. Limited _93536 |
||
| 245 | _aEconomic benefits of tourism, 1987 | ||
| 260 |
_aDelhi _bController of Publications _c1988 |
||
| 300 | _a50p. | ||